Emotions in German - Statistics

General Stats
  • This quiz has been taken 25 times
  • The average score is 19 of 56
Answer Stats
Hint Answer % Correct
Ich bin glücklich Happy
100%
Ich bin traurig Sad
91%
Ich bin frustriert Frustrated
86%
Ich bin wütend Angry
82%
Ich bin nervös Nervous
82%
Ich bin müde Tired
77%
Ich bin hungrig Hungry
73%
Ich habe Angst Scared
68%
Ich bin gestresst Stressed
68%
Ich bin inspiriert Inspired
59%
Ich bin interessiert Interested
59%
Ich bin motiviert Motivated
59%
Ich bin hoffnungsvoll Hopeful
55%
Ich bin schockiert Shocked
55%
Ich bin überrascht Surprised
50%
Ich bin unglücklich Unhappy
50%
Ich bin stolz Proud
45%
Ich bin entspannt Relaxed
45%
Mir ist langweilig Bored
41%
Ich bin ruhig Calm
41%
Ich bin verliebt In Love
41%
Ich fule mich einsam Lonely
41%
Ich bin besorgt Worried
41%
Ich bin schuldig Guilty
36%
Ich bin verwirrt Confused
32%
Ich bin friedlich Peaceful
32%
Ich bin durstig Thirsty
32%
Ich bin begeistert Excited
27%
Ich bin froh Glad
27%
Ich bin dankbar Grateful
27%
Ich bin voller Angst Anxious
23%
Ich bin genervt Irritated
23%
Ich schiebe Panik Panicking
23%
Ich bin erleichtert Relieved
23%
Ich bin enttäuscht Disappointed
18%
Ich schäme mich Embarrassed
18%
Ich bin erschöpft Exhausted
18%
Ich bin eifersüchtig Jealous
18%
Mir ist übel Sick
18%
Ich bin nachdenklich Thoughtful
18%
Ich bin sorgenfrei Carefree
14%
Ich bin rasend Furious
14%
Ich bin überglücklich Overjoyed
14%
Ich bin Überfordert Overwhelmed
14%
Ich bin verärgert Upset
14%
Ich bin fröhlich Cheerful
9%
Ich bin entschlossen Determined
9%
Ich bin angewidert Disgusted
9%
ich bin zufrieden Satisfied
9%
Ich bin zuversichtlich Confident
5%
Ich bin unzufrieden Discontent
5%
Ich bin optimistisch Optomistic
5%
Ich bin verblüfft Amazed
0%
Ich krieg die Krise Freaking Out
0%
Ich bin fasziniert Intrigued
0%
Ich bin verletzlich Vulnerable
0%
No matching quizzes found
Score Distribution
Percent of People with Each Score
Percentile by Number Answered
Your Score History
You have not taken this quiz